00701nam a2200241 a 4500001001300000003000900013005001700022008004100039020001000080082001600090100002400106245003400130260003400164300000900198500003500207505001400242650003000256700002400286902000800310942000700318952011700325999001700442nice12345678IN_TiNIC20260116014248.0050524s2004 dela grp 000 0 urd  ac12000a297.1bABD1 aAbdul Rasheed, Mian aIslam Aur Tameer-E-Shakhsiyat aDelhibMaktaba Alhasnatc2004 a302p aincludes index and biblioraphy2 aReference aIslam and Social Problems1 aAbdul Rasheed, Mian bSRS cBK 001040708StackRoom-aHMIbHMId2007-07-27g120.00l0o297.1 ABD1p021294r2007-07-27v120.00w2005-05-24yBK c14562d14562